史的研究日本の經濟と思想
Na minha lista:
| Autor principal: | |
|---|---|
| Formato: | Livro |
| Idioma: | Undetermined |
| Publicado em: |
京都
星野書店
1943
|
| Assuntos: | |
| Tags: |
Adicionar Tag
Sem tags, seja o primeiro a adicionar uma tag!
|
| Thư viện lưu trữ: | Trung tâm Học liệu Trường Đại học Cần Thơ |
|---|
| LEADER | 00550nam a2200193Ia 4500 | ||
|---|---|---|---|
| 001 | CTU_82504 | ||
| 008 | 210402s9999 xx 000 0 und d | ||
| 082 | |a 330.952 | ||
| 082 | |b H773 | ||
| 100 | |a 本庄栄治郎(ほんじょう えいじろう) | ||
| 245 | 0 | |a 史的研究日本の經濟と思想 | |
| 245 | 0 | |c 本庄栄治郎 | |
| 260 | |a 京都 | ||
| 260 | |b 星野書店 | ||
| 260 | |c 1943 | ||
| 650 | |a Economic conditions | ||
| 650 | |z Japan | ||
| 904 | |i Ngoc, QHieu | ||
| 980 | |a Trung tâm Học liệu Trường Đại học Cần Thơ | ||